000 00831cam a2200229 i 4500
999 _c57430
_d57430
001 17790649
005 20221107120121.0
008 130621s2014 paua b 001 0 eng
010 _a 2013025390
020 _a9781451144574 X
041 _aeng
080 _a615.849 R-13
245 0 0 _aRadiology 101 :
_bbasics and fundamentals of imaging /
_ceditors, Wilbur L. Smith, Thomas A. Farrell.
250 _aFourth edition.
264 1 _aPhiladelphia :
_bWolters Kluwer / Lippincott Williams & Wilkins Health,
_c2014.
300 _a407 pages :
_billustrations (some color) ;
_c28 cm.
653 _aმედიცინა
653 _aრადიოლოგია
700 1 _aSmith, Wilbur L.,
_eრედაქტორი
_98578
700 1 _aFarrell, Thomas A.
_c
_eრედაქტორი
_98579
942 _2udc
_cBK